LEADER 04139oam 2200709I 450 001 9910461461603321 005 20200520144314.0 010 $a1-315-43432-6 010 $a1-315-43433-4 010 $a1-59874-765-7 024 7 $a10.4324/9781315434339 035 $a(CKB)2670000000129659 035 $a(EBL)677748 035 $a(OCoLC)647843467 035 $a(SSID)ssj0000740509 035 $a(PQKBManifestationID)12315646 035 $a(PQKBTitleCode)TC0000740509 035 $a(PQKBWorkID)10700703 035 $a(PQKB)10115249 035 $a(SSID)ssj0000474697 035 $a(PQKBManifestationID)11291784 035 $a(PQKBTitleCode)TC0000474697 035 $a(PQKBWorkID)10454809 035 $a(PQKB)10329365 035 $a(MiAaPQ)EBC677748 035 $a(Au-PeEL)EBL677748 035 $a(CaPaEBR)ebr10359340 035 $a(OCoLC)956465921 035 $a(EXLCZ)992670000000129659 100 $a20180706e20162008 uy 0 101 0 $aeng 135 $aurcn||||||||| 181 $ctxt 182 $cc 183 $acr 200 00$aArchaeologies of art $etime, place, and identity /$fedited by Ines Domingo Sanz, Danae Fiore, and Sally K. May 210 1$aLondon :$cRoutledge,$d2016. 215 $a1 online resource (281 p.) 225 1 $aOne world archaeology series ;$v55 300 $aFirst published 2008 by Left Coast Press, Inc. 311 $a1-59874-264-7 311 $a1-59874-265-5 320 $aIncludes bibliographical references and index. 327 $aArchaeologies of art : time, place, and identity in rock art, portable art, and body art / Ine?s Domingo Sanz, Da?naue Fiore, and Sally K. May -- Space and discourse as constituents of past identities : the case of Namibian rock art / Tilman Lenssen-Erz -- Rocks of ages : petroglyphs, pictographs, and identity in Puerto Rico / Peter G. Roe and Michele H. Hayward -- Rock art, modes of production, and social identities during the early formative period in the Atacama Desert (northern Chile) / Francisco Gallardo and Patricio De Souza -- From the form to the artists : changing identities in Levantine rock art (Spain) / Ine?s Domingo Sanz -- Memoried sacredness and international elite identities : the late postclassic at La Casa de las Golondrinas, Guatemala / Eugenia J. Robinson -- Same tradition, different views : the Co?a Valley rock art and social identity / Lui?s Lui?s and Marcos Garci?a Di?ez -- Learning art, learning culture : art, education, and the formation of new artistic identities in Arnhem Land, Australia / Sally K. May -- Eagle's reach : a focal point for past and present social identity within the northern Blue Mountains World Heritage Area, Australia / Paul S.C. Tac?on ... [et al.] -- Panache and protocol in Australian Aboriginal art / Claire Smith -- Body painting and visual practice : the creation of social identities through image making and display in Tierra del Fuego (southern South America) / Da?nae Fiore. 330 $aThis international volume draws together key research that examines visual arts of the past and contemporary indigenous societies. Placing each art style in its temporal and geographic context, the contributors show how depictions represent social mechanisms of identity construction, and how stylistic differences in product and process serve to reinforce cultural identity. Examples stretch from the Paleolithic to contemporary world and include rock art, body art, and portable arts. Ethnographic studies of contemporary art production and use, such as among contemporary Aboriginal groups, 410 0$aOne world archaeology ;$v55. 606 $aPetroglyphs$vCase studies 606 $aRock paintings$vCase studies 608 $aElectronic books. 615 0$aPetroglyphs 615 0$aRock paintings 676 $a709.01/13 701 $aDomingo Sanz$b Ines$0961404 701 $aFiore$b Danae$0961405 701 $aMay$b Sally K$0956951 801 0$bMiAaPQ 801 1$bMiAaPQ 801 2$bMiAaPQ 906 $aBOOK 912 $a9910461461603321 996 $aArchaeologies of art$92179626 997 $aUNINA LEADER 01464nas 2200433-a 450 001 9910502703403321 005 20240413030216.0 011 $a2057-0317 035 $a(DE-599)ZDB2873838-X 035 $a(CKB)991042741063142 035 $a(CONSER)sc-85008327- 035 $a(EXLCZ)99991042741063142 100 $a19810605b19461982 --- a 101 0 $aeng 181 $ctxt$2rdacontent 182 $cc$2rdamedia 183 $acr$2rdacarrier 200 04$aThe Cactus and succulent journal of Great Britain 210 $aElstree, Herts. $cCactus and Succulent Society of Great Britain$d1946-1982 215 $a1 online resource 311 08$aPrint version: The Cactus and succulent journal of Great Britain. 0007-9375 (DLC)sc 85008327 (OCoLC)646913486 531 $aCACTUS AND SUCCULENT JOURNAL OF GREAT BRITAIN 531 0 $aCactus succul. j. G.B. 606 $aCactus$vPeriodicals 606 $aSucculent plants$vPeriodicals 606 $aCactus$2fast$3(OCoLC)fst00843694 606 $aSucculent plants$2fast$3(OCoLC)fst01137090 608 $aPeriodicals.$2fast 608 $aPeriodicals.$2lcgft 615 0$aCactus 615 0$aSucculent plants 615 7$aCactus. 615 7$aSucculent plants. 712 02$aCactus and Succulent Society of Great Britain. 906 $aJOURNAL 912 $a9910502703403321 920 $aexl_impl conversion 996 $aCactus and succulent journal of Great Britain$9796538 997 $aUNINA LEADER 00920nam0-2200277 --450 001 9911039426903321 005 20251114115005.0 010 $a979-12-21-21862-6 100 $a20251114d2025----kmuy0itay5050 ba 101 0 $aita 102 $aIT 105 $a 001yy 200 1 $aDiritto di vivere e di morire$euna rivoluzione copernicana$edialogo tra un filosofo, un costituzionalista e un penalista$fGiovanni Fornero, Francesco Rimoli, Roberto D'Andrea 210 $aSegrate$cUTET$dc2025 215 $a305 p.$d24 cm 676 $a344.4504197$v23$zita 700 1$aFornero,$bGiovanni$f<1950- >$0144314 701 1$aD'Andrea,$bRoberto$f<1997- >$01856702 701 1$aRimoli,$bFrancesco$0145317 801 0$aIT$bUNINA$gREICAT$2UNIMARC 901 $aBK 912 $a9911039426903321 952 $aXI N 862$b2025/1740$fFGBC 959 $aFGBC 996 $aDiritto di vivere e di morire$94456424 997 $aUNINA